Statistics for bayern football players

Click here to take the quiz!

General Stats

  • This quiz has been taken 27 times
  • The average score is 6 of 11

Answer Stats

HintAnswer% Correct
bayernlewandowski
93%
bayernneuer
93%
bayernmuller
89%
bayernboateng
78%
bayernrobben
67%
bayernribery
67%
bayernalaba
63%
bayernvidal
37%
bayernmartinez
37%
bayernrodriguez
11%
bayernfriedl
0%

Score Distribution

Percentile by Number Answered

Percent of People with Each Score

Your Score History

You have not taken this quiz